50 States By Population Density - Statistics

General Stats
  • This quiz has been taken 73 times
  • The average score is 37 of 50
Answer Stats
Region Density, sq mi2 State % Correct
Northeast 766.1 Connecticut
96%
Northeast 933.5 Massachusetts
96%
Southeast 450.9 Florida
94%
Northeast 652.5 Maryland
94%
Northeast 1,305.6 New Jersey
94%
Northeast 1,088.2 Rhode Island
94%
Northeast 433.3 New York
92%
West 252.5 California
90%
Northeast 546.3 Delaware
90%
Southeast 229.2 North Carolina
90%
Midwest 291.9 Ohio
90%
Midwest 231.9 Illinois
88%
Northeast 294.7 Pennsylvania
87%
Pacific Northwest 1.3 Alaska
85%
Pacific Northwest 122.0 Washington
85%
West 226.2 Hawaii
83%
West 6.1 Wyoming
81%
Midwest 197.1 Indiana
79%
West 7.9 Montana
79%
Northeast 158.3 New Hampshire
79%
Southeast 186.2 South Carolina
79%
Southeast 195.3 Georgia
77%
Midwest 181.0 Michigan
75%
Pacific Northwest 44.9 Oregon
75%
Northeast 45.9 Maine
73%
Southeast 225.7 Virginia
73%
Southeast 103.0 Alabama
71%
West 24.9 Idaho
71%
Midwest 11.6 North Dakota
71%
Midwest 12.3 South Dakota
71%
West 30.1 Nevada
69%
Northeast 70.5 Vermont
69%
Southeast 62.6 Mississippi
67%
Midwest 26.4 Nebraska
67%
Southeast 177.4 Tennessee
67%
West 42.5 Utah
67%
West 17.8 New Mexico
65%
Midwest 111.3 Wisconsin
65%
West 67.6 Arizona
63%
Midwest 36.7 Kansas
63%
Southeast 106.5 Louisiana
63%
Midwest 73.4 Minnesota
62%
West 121.2 Texas
62%
West 58.2 Colorado
60%
Midwest 58.7 Iowa
60%
Southeast 60.1 Arkansas
58%
Midwest 91.1 Missouri
58%
Midwest 117.1 Kentucky
56%
West 60.1 Oklahoma
48%
Southeast 73.8 West Virginia
48%
No matching quizzes found
Score Distribution
Percent of People with Each Score
Percentile by Number Answered
Your Score History
You have not taken this quiz